Gazing on the past : (Record no. 11041)

MARC details
000 -LEADER
fixed length control field 00600nam a22002057a 4500
003 - CONTROL NUMBER IDENTIFIER
control field GBCCL
005 - DATE AND TIME OF LATEST TRANSACTION
control field 20251117133526.0
008 - FIXED-LENGTH DATA ELEMENTS--GENERAL INFORMATION
fixed length control field 251117b |||||||| |||| 00| 0 eng d
020 ## - INTERNATIONAL STANDARD BOOK NUMBER
International Standard Book Number 9789360659417
020 ## - INTERNATIONAL STANDARD BOOK NUMBER
International Standard Book Number 9789360659134
040 ## - CATALOGING SOURCE
Transcribing agency GBC
082 ## - DEWEY DECIMAL CLASSIFICATION NUMBER
Classification number 270
Item number RAL 1
100 ## - MAIN ENTRY--PERSONAL NAME
Personal name Ralte, Lalfakawma
245 ## - TITLE STATEMENT
Title Gazing on the past :
Remainder of title a study on history and historiography /
Statement of responsibility, etc. Lalfakawma Ralte
260 ## - PUBLICATION, DISTRIBUTION, ETC.
Place of publication, distribution, etc. Delhi,
Name of publisher, distributor, etc. Christian World Imprints,
Date of publication, distribution, etc. 2024
300 ## - PHYSICAL DESCRIPTION
Extent xvi, 162 pages ;
Dimensions 23 cm
650 ## - SUBJECT ADDED ENTRY--TOPICAL TERM
Topical term or geographic name entry element Church history
650 ## - SUBJECT ADDED ENTRY--TOPICAL TERM
Topical term or geographic name entry element Church history
Form subdivision Historiography
942 ## - ADDED ENTRY ELEMENTS (KOHA)
Source of classification or shelving scheme Dewey Decimal Classification
Koha item type Books
Suppress in OPAC No
Holdings
Withdrawn status Lost status Source of classification or shelving scheme Damaged status Not for loan Home library Current Library Shelving location Date acquired Total checkouts Full call number Barcode Date last seen Copy number Price effective from Koha item type
    Dewey Decimal Classification     GRACE BIBLE COLLEGE GRACE BIBLE COLLEGE Church History 2025-11-17   270 RAL 017365 2025-11-17 c.1 2025-11-17 Books
    Dewey Decimal Classification     GRACE BIBLE COLLEGE GRACE BIBLE COLLEGE Church History 2025-11-17   270 RAL 017366 2025-11-17 c.2 2025-11-17 Books
© Grace Bible College Library 2025